Topological number theory

Αποθηκεύτηκε σε:
Λεπτομέρειες βιβλιογραφικής εγγραφής
Κύριος συγγραφέας: Kraeft, Uwe
Μορφή: Βιβλίο
Γλώσσα:English
Δημοσίευση: Aachen : Shaker Verlag, 2003
Σειρά:Berichte aus der Mathematik,
Θέματα:
Ετικέτες: Προσθήκη ετικέτας
Δεν υπάρχουν, Καταχωρήστε ετικέτα πρώτοι!

MARC

LEADER 00000cam a2200000 i 4500
001 1/38619
008 030725s2003 eng d
020 |a 3-8322-1707-X 
035 |l 10070474 
040 |a GR-MY-UA  |b eng  |e aacr 
041 0 |a eng 
082 0 |a 512.7 
100 1 |a Kraeft, Uwe. 
245 1 0 |a Topological number theory /  |c Uwe Kraeft 
260 |a Aachen :   |b Shaker Verlag,   |c 2003 
300 |a 73 p.;  |b ill.;  |c 21 cm. 
490 1 |a Berichte aus der Mathematik  |x 0945-0882 
504 |a Includes bibliographical references 
650 0 0 |a Number theory. 
650 0 0 |a Topology. 
830 0 |a Berichte aus der Mathematik,  |x 0945-0882 
852 |a INST  |b SAMOS  |e 20030725  |h 512.7 KRA  |p 005300024026  |q 005300024026  |t BK  |y 0 
901 |a BIBL3-2003-2 
909 |a Σ  |b 087952 
970 |a ΧΑΤΖΗΠΑΝΑΓΙΩΤΟΥ  |b ΚΥΡΙΑΚΗ  |z 2003/07/25